000 01145cam a2200301 a 4500
001 580
005 20230619091031.0
008 050103s2005 nyua c 000 1 eng
020 _a0689866836
040 _aDLC
_cDLC
_dDLC
_beng
050 0 0 _aPZ7.C59118
_bLun 2005
082 0 0 _a[Fic]
_222
100 1 _aClements, Andrew,
_d1949-2019,
_eauthor.
245 1 0 _aLunch money /
_cAndrew Clements ; illustrations by Brian Selznick.
260 _aNew York :
_bAntheneum Books for Young Readers,
_c2005.
300 _a222 pages :
_billustrations ;
_c22 cm.
505 _aO
520 _aTwelve-year-old Greg, who has always been good at moneymaking projects, is surprised to find himself teaming up with his lifelong rival, Maura, to create a series of comic books to sell at school.
521 _a840
_bLexile
521 _aO
_bRaz-Plus
650 1 _aInterpersonal relations
_vFiction.
650 1 _aMoneymaking projects
_vFiction.
650 1 _aCartoons and comics
_xAuthorship
_vFiction.
650 1 _aSchools
_vFiction.
700 1 _aSelznick, Brian
_eillustrator
906 _a7
_bcbc
_corignew
_d1
_eecip
_f20
_gy-gencatlg
942 _2ddc
_cBK
_n0
999 _c580
_d580